000 00500nab a2200145Ia 4500
003 ES-SlBCS
005 20210601133740.0
008 140529s2007 xxu||||| |||| 00| 0 por d
041 _apor
100 1 _aCandeias Martins, Ernesto
_9209180
245 0 0 _aEpistemologia das possibilidades educativas: reconstruir o conhecimento pedagógico
_c Ernesto Candeias Martins
650 0 4 _aEpistemología
_986254
773 0 _tEducaçao e Filosofia
_gvol. 21, nº. 41, 2007, págs. 89-120
_wRev1534
942 _cAR
999 _c601493
_d601493